[Event "Fide Mercenarios 39th"]
[Site "Mexico City"]
[Date "1999.??.??"]
[Round "3"]
[White "Campos Ruiz, Luis Fernando"]
[Black "Lopez Michelone, Manuel"]
[Result "1-0"]
[WhiteElo "2170"]
[BlackElo "2150"]
[PlyCount "45"]
[EventDate "1999.??.??"]
[EventType "tourn"]
[EventRounds "11"]
[EventCountry "MEX"]
[SourceTitle "EXT 2000"]
[Source "ChessBase"]
[SourceDate "1999.11.16"]
[SourceVersion "1"]
[SourceVersionDate "1999.11.16"]
[SourceQuality "1"]

1. e4 d5 2. exd5 Nf6 3. c4 e6 4. Nc3 exd5 5. d4 Be7 6. Nf3 Nc6 7. Bg5 Bg4 8. Be2 dxc4 9. 0-0 0-0 10. d5 Bxf3 11. Bxf3 Ne5 12. Be2 h6 13. Be3 Qd7 14. Qd4 Bd6 15. Bxc4 Nfg4 16. Bf4 Rfe8 17. Bb5 c6 18. dxc6 bxc6 19. Be2 c5 20. Qd5 Qf5 21. Bg3 Red8 22. Bxg4 Qxg4 23. Bxe5 1-0

[Event "Fide Mercenarios 39th"]
[Site "Mexico City"]
[Date "1999.??.??"]
[Round "2"]
[White "Hernandez Guerrero, Yadira"]
[Black "Campos Ruiz, Luis Fernando"]
[Result "0-1"]
[WhiteElo "2170"]
[BlackElo "2220"]
[PlyCount "98"]
[EventDate "1999.??.??"]
[EventType "tourn"]
[EventRounds "11"]
[EventCountry "MEX"]
[SourceTitle "EXT 2000"]
[Source "ChessBase"]
[SourceDate "1999.11.16"]
[SourceVersion "1"]
[SourceVersionDate "1999.11.16"]
[SourceQuality "1"]

1. d4 Nf6 2. c4 c5 3. d5 b5 4. Nf3 g6 5. Qc2 Bg7 6. e4 0-0 7. cxb5 a6 8. Nc3 axb5 9. Bxb5 d6 10. 0-0 Ba6 11. Re1 Bxb5 12. Nxb5 Na6 13. Nc3 Qb6 14. Bg5 Rfb8 15. Re2 h6 16. Bf4 Nh5 17. Bc1 Nb4 18. Qd1 Qa6 19. Ne1 Qc4 20. Be3 Nxa2 21. Nxa2 Rxa2 22. Rxa2 Qxa2 23. b4 Qc4 24. bxc5 dxc5 25. Qc2 Qb5 26. Rd2 c4 27. f4 c3 28. Rd1 Qb4 29. g3 g5 30. e5 gxf4 31. Bd4 fxg3 32. Qf5 gxh2+ 33. Kxh2 Qb2+ 34. Nc2 Rd8 35. Rf1 f6 36. Rf2 fxe5 37. Qxh5 exd4 38. Rg2 Qb8+ 39. Kg1 Qb1+ 40. Kh2 Qb8+ 41. Kg1 Qf4 42. Qg6 Qf7 43. Qe4 d3 44. Qxd3 Kh8 45. Ne3 Be5 46. Qe4 Qf4 47. Rg4 Qh2+ 48. Kf1 Rf8+ 49. Nf5 c2 0-1